Priemyselná Bratislava
Saved in:
| Main Author: | |
|---|---|
| Format: | Book |
| Published: |
Bratislava :
Marenčin PT,
2009
|
| Subjects: | |
| Tags: |
No Tags, Be the first to tag this record!
|
MARC
| LEADER | 00000nam a22000003a 4500 | ||
|---|---|---|---|
| 001 | stu197414 | ||
| 005 | 20150617230034.7 | ||
| 008 | 091217s2009----------------------------d | ||
| 020 | |a 978-80-89218-99-8 | ||
| 040 | |a STU |b slo | ||
| 041 | 0 | ||
| 100 | 1 | |a Obuchová, Viera |4 aut | |
| 245 | 1 | |a Priemyselná Bratislava | |
| 260 | |a Bratislava : |b Marenčin PT, |c 2009 | ||
| 300 | |a 311 s | ||
| 650 | 7 | |a Bratislava |2 stusub | |
| 996 | |b 284AU04409 |c A*6873 U |l AAKNAR |s A |a 24 |w stu197414_0001 | ||